000 00348 a2200121 4500
000 nam a22 7a 4500
005 20260424101311.0
020 _a9780323953603
100 _aMi Li
_91061214
245 _aAtomic Force Microscopy for Nanoscale Biophysics: From Single Molecules to Living Cells
260 _bAcademic Press
_c2023
942 _cTEXL
999 _c1848482
_d1848482